Psychologie tělesné výchovy /

Hlavní autor: Válková, Hana, 1943-
Jazyk: Čeština
Vydáno: Olomouc : Vydavatelství Univerzity Palackého, 1980
Vydání: 1.vyd.
Témata:
Fyzický popis: 183 s.
Knihy
Uloženo v:
LEADER 00870nam a22002412a 4500
001 000039608
003 CZ BrMZK
005 20260408080128.0
008 010907s1980 xr f cze d
015 |a cnb000393620 
035 |a (OCoLC)40088904 
040 |a BOA001  |b cze 
100 1 |a Válková, Hana,  |d 1943-  |7 jn20001103482 
245 1 0 |a Psychologie tělesné výchovy /  |c Hana Válková 
250 |a 1.vyd. 
260 |a Olomouc :  |b Vydavatelství Univerzity Palackého,  |c 1980 
300 |a 183 s. 
910 |a BOA001  |b PK-N-0021.938  |b 4-0821.945 
920 |a 000109855 
964 |a Výchova tělesná - psychologie - učebnice - školy vysoké 
990 |a BK 
996 6 |b 2619999609  |c 4-0821.945  |l MZK  |r Sklad / do 1 hodiny  |n 11  |w 000039608  |u 000030  |a 1  |e BOA001  |j MZK50  |s P 
996 7 |b 3119991071  |c PK-N-0021.938  |l MZK  |r Sklad / do 1 hodiny  |n 9  |w 000039608  |u 000010  |a 1  |e BOA001  |j MZK50  |s A